• 首页
  • 本馆介绍
  • 公告通知
  • 最新文献
  • 馆藏检索
  • 电子资源
  • 读者导购
  • 参考咨询
  • 我的图书馆
  • 登录
  • 详细信息显示
  • 放入我的书架
  • 预约/预借图书
  • 作者相关作品
  • 分类相关作品
  • 丛书相关作品
  • 出版社相关作品

书目信息

  • 表格格式
  • 工作单格式
  • 卡片格式
题名:
电子器件
    
 
作者: 康纳 , Connor 著 ;王正 译
分册:  
出版信息: 北京   科学出版社  1985
页数: 149页
开本: 19cm
丛书名: 无线电技术与通信专题介绍丛书
单 册:
中图分类: TN103
科图分类:
主题词: 电子器件
电子资源:
ISBN:
000 00950nam2 2200337 45
001 0185020798
005 20040520083112.1
010    @dCNY0.95
091    @a15031.642
100    @a19930908d1985 em y0chiy0121 ea
101 1  @achi@ceng
102    @aCN@b110000
105    @ay z 001yy
106    @ar
200 10 @a电子器件@Adian zi qi jian@f(英)康纳(Connor,F.R.)著@g王正译
210    @a北京@c科学出版社@d1985
215    @a149页@d19cm
225 2  @a无线电技术与通信专题介绍丛书
300    @a书名原文: Electronic devices
300    @a根据英国1979年英文版译出
300    @a本丛书共7册。
410  0 @120010@a无线电技术与通信专题介绍丛书
510 1  @aElectronic devices.@eng
606    @a电子器件
690    @aTN103@v3 
701  1 @a康纳@Akang na@bF.R.@4著
701 A1 @aConnor@bF.R.@4著
702  0 @a王正@Awang zheng@4译
801  0 @aCN@b深圳图书馆@c20040520
801  2 @aCN@bNLC@c20040520
905    @f1@b136016@dTN103@e36
    
    电子器件/(英)康纳(Connor,F.R.)著/王正译.-北京:科学出版社,1985
    149页;19cm.-(无线电技术与通信专题介绍丛书)
    书名原文: Electronic devices.-根据英国1979年英文版译出.-本丛书共7册。
    
    ISBN :CNY0.95
    
●
相关链接 在E读中查询图书 在五车中查询图书 在当当中查询图书 在豆瓣中查询图书


正题名:电子器件     索取号:TN103/36         预约/预借

序号 登录号 条形码 馆藏地/架位号 状态 备注
1 0136016   001349375   第三借阅区/ [索取号:TN103/36] 在馆    
2 0136017   001349295   密集书库/ [索取号:TN103/36] 在馆    
3 0136018   001349339   密集书库/ [索取号:TN103/36] 在馆    
4 0136019   000799639   密集书库/ [索取号:TN103/36] 在馆    
5 0136020   202104999   第二样本阅览室/ [索取号:TN103/36] 在馆    
唐山师范学院图书馆 欢迎您!
大连网信软件有限公司© 版权所有